Taller de laboratorio: 100 experimentos de biología, fisica y quimica (Registro nro. 2261)
[ vista simple ]
| 000 -Cabecera | |
|---|---|
| Campo de control de longitud fija | 00860aam a2200313 4500 |
| 005 - Fecha y hora de la última transacción | |
| Campo de control | 20240503120835.0 |
| 008 - Elementos de longitud fija--Información general | |
| Campo de control de longitud fija | 150526b2010 xxu||||| |||| 00| 0 spa d |
| 020 ## - International Standard Book Number | |
| Número Internacional Estándar del Libro (ISBN) | 9789972209826 |
| 041 ## - Idioma | |
| Código de idioma | Español |
| 082 ## - Clasificación Decimal Dewey | |
| Número de clasificación | 500.078 T149t |
| 245 ## - Título propiamente dicho | |
| Título | Taller de laboratorio: 100 experimentos de biología, fisica y quimica |
| 260 ## - Pie de imprenta | |
| Lugar de publicación, distribución, etc. | España |
| 260 ## - Pie de imprenta | |
| Nombre del editor, distribuidor, etc. | Lexus |
| 260 ## - Pie de imprenta | |
| Fecha de publicación, distribución, etc. | 2010 |
| 300 ## - Descripción física | |
| Extensión | 318 páginas |
| 505 ## - Nota de contenido | |
| Nota de contenido | Contiene disco compacto N° 544 |
| 650 ## - Materia general | |
| Temática (materia general) | EXPERIMENTOS |
| 650 ## - Materia general | |
| Temática (materia general) | BIOLOGÍA |
| 650 ## - Materia general | |
| Temática (materia general) | SERES VIVOS |
| 650 ## - Materia general | |
| Temática (materia general) | PRESERVACIÓN DE LOS RECURSOS NATURALES |
| 650 ## - Materia general | |
| Temática (materia general) | CONSERVACIÓN DE LOS RECURSOS NATURALES |
| 650 ## - Materia general | |
| Temática (materia general) | HERENCIA BIOLÓGICA |
| 650 ## - Materia general | |
| Temática (materia general) | ELECTRICIDAD |
| 650 ## - Materia general | |
| Temática (materia general) | MAGNETISMO |
| 650 ## - Materia general | |
| Temática (materia general) | CIRCUITO ELÉCTRICO |
| 650 ## - Materia general | |
| Temática (materia general) | TEMPERATURA |
| 650 ## - Materia general | |
| Temática (materia general) | PROPAGACIÓN DE LA LUZ |
| 942 ## - Punto de acceso adicional KOHA | |
| Tipo de ítem KOHA | Libro |
| Fuente del sistema de clasificación o colocación | Dewey Decimal Classification |
| Signatura completa | Código de barras | Tipo de ítem |
|---|---|---|
| 500.078 T149t | 15192 | Libro |
| 438 DVD | 438DVD | DVD |